Buffer replacement using online optimization by mining /
Saved in:
| Main Author: | |
|---|---|
| Format: | Thesis Book |
| Language: | English |
| Published: |
1998.
|
| Subjects: | |
| Tags: |
Add Tag
No Tags, Be the first to tag this record!
|
| LEADER | 00788cam a2200241 a 4500 | ||
|---|---|---|---|
| 001 | u436445 | ||
| 003 | SIRSI | ||
| 008 | 990312s1998 si v 00 1 eng m | ||
| 035 | |a ACG-7687 | ||
| 040 | |a UMM | ||
| 090 | |a QA76.9 |b D3Tun | ||
| 100 | 1 | 0 | |a Tung, Anthony Kum Hoe. |
| 245 | 1 | 0 | |a Buffer replacement using online optimization by mining / |c by Tung Kum Hoe, Anthony. |
| 260 | |c 1998. | ||
| 300 | |a vi, 68 leaves : |b ill. ; |c 31 cm. | ||
| 502 | |a Dissertation (M.Sc.) -- National University of Singapore, 1998. | ||
| 504 | |a Bibliography: leaves 65-68. | ||
| 650 | 0 | |a Database management. | |
| 650 | 0 | |a Buffer storage (Computer science) | |
| 650 | 0 | |a Data mining. | |
| 948 | |a 12/03/1999 |b 05/04/1999 | ||
| 596 | |a 1 | ||
| 999 | |a QA76.9 D3TUN |w LC |c 1 |i A508381684 |l STACKS |m P01UTAMA |r Y |s Y |t TESIS |u 12/4/1999 | ||
